<?xml version="1.0" encoding="UTF-8"?>
<record
    xmlns:xsi="http://www.w3.org/2001/XMLSchema-instance"
    xsi:schemaLocation="http://www.loc.gov/MARC21/slim http://www.loc.gov/standards/marcxml/schema/MARC21slim.xsd"
    xmlns="http://www.loc.gov/MARC21/slim">

  <leader>02982nam a2200409 a 4500</leader>
  <datafield tag="999" ind1=" " ind2=" ">
    <subfield code="c">6407</subfield>
    <subfield code="d">6407</subfield>
  </datafield>
  <controlfield tag="005">20180803165352.0</controlfield>
  <controlfield tag="008">140129b2007    ck ||||| |||| 00| 0 spa d</controlfield>
  <datafield tag="040" ind1=" " ind2=" ">
    <subfield code="a">CO-BoIAVH</subfield>
    <subfield code="c">CO-BoIAVH</subfield>
  </datafield>
  <datafield tag="041" ind1=" " ind2=" ">
    <subfield code="a">spa</subfield>
  </datafield>
  <datafield tag="044" ind1=" " ind2=" ">
    <subfield code="a">ck</subfield>
  </datafield>
  <datafield tag="082" ind1=" " ind2=" ">
    <subfield code="a">IAVH</subfield>
    <subfield code="b">333.72</subfield>
  </datafield>
  <datafield tag="100" ind1=" " ind2=" ">
    <subfield code="a">Barrera, Ximena</subfield>
  </datafield>
  <datafield tag="245" ind1=" " ind2=" ">
    <subfield code="a">Escenarios de conservaci&#xF3;n en el piedemonte andino-amaz&#xF3;nico de Colombia</subfield>
  </datafield>
  <datafield tag="260" ind1=" " ind2=" ">
    <subfield code="a">Bogot&#xE1;</subfield>
    <subfield code="b">Instituto Alexander von Humboldt</subfield>
    <subfield code="b">WWF</subfield>
    <subfield code="b">Unidad de Parques Nacionales Naturales de Colombia</subfield>
    <subfield code="c">2007</subfield>
  </datafield>
  <datafield tag="300" ind1=" " ind2=" ">
    <subfield code="a">18 p&#xE1;ginas</subfield>
  </datafield>
  <datafield tag="505" ind1=" " ind2=" ">
    <subfield code="a">Contenido CD: Primera Parte:  Piedemonte Andino - Amaz&#xF3;nico Geograf&#xED;a del Piedemonte Andino - Amaz&#xF3;nico --  Historia y poblamiento del Piedemonte Andino - Amaz&#xF3;nico --  Biomas y ecosistemas; Diversidad de la flora y fauna -- Uso de la biodiversidad --  Segunda parte: Elementos para la planificaci&#xF3;n territorial en el Piedemonte -- An&#xE1;lisis del paisaje -- Procesos de ordenamiento que inciden y generan impacto en los territorios ind&#xED;genas en el piedemonte del Putumayo -- An&#xE1;lisis de amenazas a la biodiversidad -- Caracterizaci&#xF3;n de actores para la conservaci&#xF3;n -- Expectativas territoriales de los pueblos ind&#xED;genas del piedemonte Putumayense -- Selecci&#xF3;n de especies focales --  Tercera parte:  Escenarios y acciones de conservaci&#xF3;n en el piedemonte -- Ordenamiento, conservaci&#xF3;n y manejo sostenible en territorios ind&#xED;genas del piedemonte -- Actores y procesos para la consolidaci&#xF3;n de escenarios de conservaci&#xF3;n en la zona de transici&#xF3;n andino - amaz&#xF3;nica -- Plan de acci&#xF3;n del sistema regional de &#xE1;reas protegidas de la zona de transici&#xF3;n andino - amaz&#xF3;nica -- Sistemas productivos sostenibles como herramienta de  conservaci&#xF3;n para el piedemonte andino - amaz&#xF3;nico -- Incentivos para apoyar estrategias de conservaci&#xF3;n en el &#xE1;rea Ramsar de La Cocha --  Referencias -- Listado de mapas -- Anexo listado de especies de flora y fauna</subfield>
  </datafield>
  <datafield tag="520" ind1=" " ind2=" ">
    <subfield code="a">Es el resultado del proceso realizado en el piedemonte andino-amaz&#xF3;nico como lugar importante para la conservaci&#xF3;n. Recoje informaci&#xF3;n sobre las amenazas de  la diversidad biol&#xF3;gica y cultural y la manera participativa de formular una estrategia que permita garantizar su mantenimiento</subfield>
  </datafield>
  <datafield tag="650" ind1="1" ind2="6">
    <subfield code="a">Conservaci&#xF3;n</subfield>
  </datafield>
  <datafield tag="650" ind1="1" ind2="6">
    <subfield code="a">Piedemonte</subfield>
  </datafield>
  <datafield tag="650" ind1="1" ind2="6">
    <subfield code="a">Andino amaz&#xF3;nico</subfield>
  </datafield>
  <datafield tag="700" ind1=" " ind2=" ">
    <subfield code="a">Constantino, Emilio</subfield>
  </datafield>
  <datafield tag="700" ind1=" " ind2=" ">
    <subfield code="a">Espinosa, Juan Carlos</subfield>
  </datafield>
  <datafield tag="700" ind1=" " ind2=" ">
    <subfield code="a">Hern&#xE1;ndez, Olga Luc&#xED;a</subfield>
  </datafield>
  <datafield tag="700" ind1=" " ind2=" ">
    <subfield code="a">Moreno D&#xED;az, Carlos Alberto</subfield>
  </datafield>
  <datafield tag="700" ind1=" " ind2=" ">
    <subfield code="a">Naranjo, Luis Germ&#xE1;n</subfield>
  </datafield>
  <datafield tag="700" ind1=" " ind2=" ">
    <subfield code="a">Guald&#xF3;n, Ilvia Ni&#xF1;o</subfield>
  </datafield>
  <datafield tag="700" ind1=" " ind2=" ">
    <subfield code="a">Polanco , Roc&#xED;o</subfield>
  </datafield>
  <datafield tag="700" ind1=" " ind2=" ">
    <subfield code="a">Restrepo, Humberto</subfield>
  </datafield>
  <datafield tag="700" ind1=" " ind2=" ">
    <subfield code="a">Revelo Salazar, Jos&#xE9; Vicente</subfield>
  </datafield>
  <datafield tag="700" ind1=" " ind2=" ">
    <subfield code="a">Salazar, Carlos</subfield>
  </datafield>
  <datafield tag="700" ind1=" " ind2=" ">
    <subfield code="a">Su&#xE1;rez , Omar</subfield>
  </datafield>
  <datafield tag="700" ind1=" " ind2=" ">
    <subfield code="a">Y&#xE9;pez, Fabio</subfield>
  </datafield>
  <datafield tag="700" ind1=" " ind2=" ">
    <subfield code="a">Cuesta, Francisco</subfield>
  </datafield>
  <datafield tag="856" ind1=" " ind2=" ">
    <subfield code="u">http://hdl.handle.net/20.500.11761/33651</subfield>
  </datafield>
  <datafield tag="942" ind1=" " ind2=" ">
    <subfield code="c">LIBRO</subfield>
    <subfield code="2">z</subfield>
    <subfield code="0">4</subfield>
  </datafield>
  <datafield tag="945" ind1=" " ind2=" ">
    <subfield code="d">2008-07-18</subfield>
  </datafield>
  <datafield tag="952" ind1=" " ind2=" ">
    <subfield code="0">0</subfield>
    <subfield code="1">0</subfield>
    <subfield code="2">ddc</subfield>
    <subfield code="4">0</subfield>
    <subfield code="7">0</subfield>
    <subfield code="8">HUMBOLDT</subfield>
    <subfield code="a">Bogota</subfield>
    <subfield code="b">Bogota</subfield>
    <subfield code="d">2008-07-14</subfield>
    <subfield code="l">4</subfield>
    <subfield code="o">IAVH 333.72 B27e</subfield>
    <subfield code="p">026160</subfield>
    <subfield code="r">2016-09-12 00:00:00</subfield>
    <subfield code="s">2016-09-12</subfield>
    <subfield code="t">Ej. 1</subfield>
    <subfield code="w">2012-12-04</subfield>
    <subfield code="x">Institucional</subfield>
    <subfield code="y">Folleto</subfield>
  </datafield>
  <datafield tag="952" ind1=" " ind2=" ">
    <subfield code="0">0</subfield>
    <subfield code="1">0</subfield>
    <subfield code="2">z</subfield>
    <subfield code="4">0</subfield>
    <subfield code="7">0</subfield>
    <subfield code="8">HUMBOLDT</subfield>
    <subfield code="I">INV2017</subfield>
    <subfield code="a">Villa</subfield>
    <subfield code="b">Villa</subfield>
    <subfield code="d">2008-07-14</subfield>
    <subfield code="l">0</subfield>
    <subfield code="o">IAVH-01039</subfield>
    <subfield code="p">026162</subfield>
    <subfield code="r">2012-12-04 00:00:00</subfield>
    <subfield code="t">Ej. 2</subfield>
    <subfield code="w">2012-12-04</subfield>
    <subfield code="x">Institucional</subfield>
    <subfield code="y">Folleto</subfield>
  </datafield>
  <datafield tag="952" ind1=" " ind2=" ">
    <subfield code="0">0</subfield>
    <subfield code="1">0</subfield>
    <subfield code="2">z</subfield>
    <subfield code="4">0</subfield>
    <subfield code="7">0</subfield>
    <subfield code="8">HUMBOLDT</subfield>
    <subfield code="I">INV2017</subfield>
    <subfield code="a">Villa</subfield>
    <subfield code="b">Villa</subfield>
    <subfield code="d">2008-07-14</subfield>
    <subfield code="l">0</subfield>
    <subfield code="o">IAVH-01039</subfield>
    <subfield code="p">026163</subfield>
    <subfield code="r">2012-12-04 00:00:00</subfield>
    <subfield code="t">Ej. 1</subfield>
    <subfield code="w">2012-12-04</subfield>
    <subfield code="x">Institucional</subfield>
    <subfield code="y">Folleto</subfield>
    <subfield code="z">Escenarios de conservaci&#xF3;n en el piedemonte andino-amaz&#xF3;nico de Colombia</subfield>
  </datafield>
  <datafield tag="952" ind1=" " ind2=" ">
    <subfield code="0">0</subfield>
    <subfield code="1">0</subfield>
    <subfield code="2">z</subfield>
    <subfield code="4">0</subfield>
    <subfield code="7">0</subfield>
    <subfield code="8">HUMBOLDT</subfield>
    <subfield code="a">Bogota</subfield>
    <subfield code="b">Bogota</subfield>
    <subfield code="d">2013-11-20</subfield>
    <subfield code="l">0</subfield>
    <subfield code="o">AV-01039</subfield>
    <subfield code="p">029440</subfield>
    <subfield code="r">2013-11-20 00:00:00</subfield>
    <subfield code="t">Ej. 3</subfield>
    <subfield code="w">2013-11-20</subfield>
    <subfield code="x">Institucional</subfield>
    <subfield code="y">CD-ROM</subfield>
  </datafield>
</record>
